| 000 | 01129nam a22002537a 4500 | ||
|---|---|---|---|
| 999 |
_c8419 _d8419 |
||
| 003 | AR-CdUCM | ||
| 008 | 190325b ||||| |||| 00| 0 spa d | ||
| 040 |
_aMUNICIPALIDAD PROVINCIAL DEL CUSCO _cBIBLIOTECA MUNICIPAL DEL CUSCO |
||
| 082 |
_a791.530973 / _bW54 |
||
| 100 |
_aWhite, David Manning _923630 |
||
| 245 |
_aEl arma de celuloide / _cDavid Manning White; Richard Averson |
||
| 260 |
_aArgentina : _bEdiciones Marymar, _c1972. |
||
| 300 |
_a323 páginas ; _bilustraciones, fotografías ; _c28 cm. |
||
| 500 | _aContiene dedicatoria. | ||
| 505 | _aContenido: Cine sensacionalista y el público de los nickelodeons -- Melodramas didácticos -- Los problemas de la paz -- La angustia de la depresión -- Cagney convertido en agente del FBI -- Películas filmadas durante la guerra que enfocan otros problemas ... | ||
| 650 |
_aCine - Historia - EE.UU _923631 |
||
| 650 |
_aCine - Crítica _923632 |
||
| 650 |
_aCine en Estados Unidos _923633 |
||
| 650 |
_aInterpretación - Cine _923634 |
||
| 650 |
_aAspectos sociales - Cine _923635 |
||
| 700 |
_aAverson, Richard _923636 |
||
| 942 |
_2ddc _cLIBROS |
||
| 945 | _alccs | ||